Normal view MARC view

Entry Personal Name

Number of records used in: 1

001 - CONTROL NUMBER

  • control field: 1219

003 - CONTROL NUMBER IDENTIFIER

  • control field: DLC

005 - DATE AND TIME OF LATEST TRANSACTION

  • control field: 20200116130130.0

008 - FIXED-LENGTH DATA ELEMENTS

  • fixed length control field: 930913n| azannaabn |n aaa

010 ## - LIBRARY OF CONGRESS CONTROL NUMBER

  • LC control number: n 93088972

035 ## - SYSTEM CONTROL NUMBER

  • System control number: (OCoLC)oca03453112

040 ## - CATALOGING SOURCE

  • Original cataloging agency: DLC
  • Language of cataloging: eng
  • Description conventions: rda
  • Transcribing agency: DLC
  • Modifying agency: DLC
  • Modifying agency: ViRU-L

046 ## - SPECIAL CODED DATES

  • Birth date: 1955
  • Source of date scheme: edtf

100 1# - HEADING--PERSONAL NAME

  • Personal name: Ehrhardt, Michael C.,
  • Dates associated with a name: 1955-

372 ## - FIELD OF ACTIVITY

  • Field of activity: Finance
  • Source of term: lcsh

373 ## - ASSOCIATED GROUP

  • Associated group: University of Tennessee, Knoxville
  • Source of term: naf

374 ## - OCCUPATION

  • Occupation: College teachers
  • Source of term: lcsh

375 ## - GENDER

  • Gender: male

377 ## - ASSOCIATED LANGUAGE

  • Language code: eng

670 ## - SOURCE DATA FOUND

  • Source citation: His The search for value, c1994:
  • Information found: title page (Michael C. Ehrhardt) pub. info. (assoc. prof., finance, Univ. of Tennessee in Knoxville)

670 ## - SOURCE DATA FOUND

  • Source citation: Corporate finance, 2014
  • Information found: title page (Michael C. Ehrhardt, University of Tennessee)

Powered by Koha